header

Digital nature photography and Adobe Photoshop (Record no. 87985)

MARC details
000 -LEADER
fixed length control field 01167nam a2200313Ia 4500
082 04 - DEWEY DECIMAL CLASSIFICATION NUMBER
Classification number 779/.3
100 1# - MAIN ENTRY--AUTHOR NAME
Personal name Moss, Kevin L.
245 10 - TITLE STATEMENT
Title Digital nature photography and Adobe Photoshop
260 ## - PUBLICATION, DISTRIBUTION, ETC. (IMPRINT)
Place of publication Boston, MA :
Name of publisher Thomson Course Technology,
Year of publication 2006.
300 ## - PHYSICAL DESCRIPTION
Number of Pages xi, 339 p. :
Other physical details ill. (chiefly col.)
500 ## - GENERAL NOTE
General note Includes index.
650 #0 - SUBJECT ADDED ENTRY--TOPICAL TERM
Topical Term Image processing
Topical Term Nature photography.
856 40 - ELECTRONIC LOCATION AND ACCESS
Uniform Resource Identifier http://site.ebrary.com/lib/rucke/Doc?id=10146624

No items available.

© 2026 Rongo University
Contact us: librarian | system librarian | Rongo university